[Event "Foment Martinenc op-B 15th"]
[Site "Barcelona"]
[Date "2013.06.15"]
[Round "9"]
[White "Cuenca Madero, Sergi"]
[Black "Collell Rodriguez, Victor"]
[Result "1/2-1/2"]
[WhiteElo "1700"]
[BlackElo "1673"]
[PlyCount "25"]
[EventDate "2013.04.20"]
[EventType "swiss"]
[EventRounds "9"]
[EventCountry "ESP"]
[SourceTitle "CBM 154 Extra"]
[Source "ChessBase"]
[SourceDate "2013.06.25"]
[SourceVersion "2"]
[SourceVersionDate "2013.06.25"]
[SourceQuality "1"]

1. d4 Nf6 2. Nf3 c5 3. e3 g6 4. c4 Bg7 5. Nc3 0-0 6. d5 d6 7. Bd3 Nbd7 8. a4 Ng4 9. e4 Nge5 10. Nxe5 Nxe5 11. 0-0 Qb6 12. f4 Ng4 13. Qc2 1/2-1/2